Fr. Conceicao Rodrigues College of Engineering

Natural wonders of the world (Record no. 17856)

MARC details
000 -LEADER
fixed length control field 00324nam a2200145Ia 4500
082 ## - DEWEY DECIMAL CLASSIFICATION NUMBER
Classification number 910.02
100 ## - MAIN ENTRY--PERSONAL NAME
Personal name Scheffel/ R.L. ed
245 ## - TITLE STATEMENT
Title Natural wonders of the world
260 ## - PUBLICATION, DISTRIBUTION, ETC.
Name of publisher, distributor, etc. Reading digest
Place of publication, distribution, etc. Hongkong
Date of publication, distribution, etc. 1980
300 ## - PHYSICAL DESCRIPTION
Extent 463
546 ## - LANGUAGE NOTE
Language note ENGLISH
650 ## - SUBJECT ADDED ENTRY--TOPICAL TERM
Topical term or geographic name entry element General
654 ## - SUBJECT ADDED ENTRY--FACETED TOPICAL TERMS
Focus term Natural wonders
942 ## - ADDED ENTRY ELEMENTS (KOHA)
Koha item type Reference Book
Holdings
Withdrawn status Lost status Damaged status Not for loan Collection Home library Current library Date acquired Source of acquisition Cost, normal purchase price Total Checkouts Full call number Barcode Date last seen Cost, replacement price Price effective from Koha item type
        AFT Fr. Agnel's C.Rodrigues College of Engineering Fr. Agnel's C.Rodrigues College of Engineering 17/03/2023 IBH 261.80   910.02 AFT3192 17/03/2023 261.80 17/03/2023 Reference Book